Colleges and Universities by City Quiz Stats

 Plays Quiz not verified by Sporcle

Score 0/30 Timer 04:00
0 Plays Today
City School % Correct
Ann ArborUniversity of Michigan
99.5%
MadisonUniversity of Wisconsin
94.1%
East LansingMichigan State University
91.9%
ColumbusOhio State University
83.3%
ChampaignUniversity of Illinois
76.3%
BoulderUniversity of Colorado
74.2%
BloomingtonIndiana University
72.6%
State CollegePennsylvania State University
70.4%
Chapel HillUniversity of North Carolina
69.4%
West LafayettePurdue University
66.7%
LawrenceUniversity of Kansas
63.4%
EvanstonNorthwestern University
62.9%
College StationTexas A&M University
62.4%
NormanUniversity of Oklahoma
62.4%
MorgantownUniversity of West Virginia
60.8%
City School % Correct
College ParkUniversity of Maryland
59.1%
AmesIowa State University
57.5%
LubbockTexas Tech University
57.5%
CharlottesvilleUniversity of Virginia
57.5%
ManhattanKansas State University
54.8%
AmherstUniversity of Massachusetts
54.3%
New BrunswickRutgers University
53.8%
RaleighNorth Carolina State University
53.2%
StorrsUniversity of Connecticut
52.7%
BlacksburgVirginia Polytechnic Institute and State University
52.2%
Winston SalemWake Forest University
51.1%
LincolnUniversity of Nebraska
47.8%
DurhamDuke University
45.7%
TuscaloosaUniversity of Alabama
44.1%
StillwaterOklahoma State University
31.2%

You're not logged in!

Compare scores with friends on all Sporcle quizzes.
OR
Log In

Show Comments

Extras

Top Quizzes Today


Score Distribution

Your Account Isn't Verified!

In order to create a playlist on Sporcle, you need to verify the email address you used during registration. Go to your Sporcle Settings to finish the process.

Report this User

Report this user for behavior that violates our Community Guidelines.

Details: